[Event "Unterfranken-ch HB 43th"]
[Site "Sailauf"]
[Date "1992.??.??"]
[Round "4"]
[White "Holzapfel, Johannes"]
[Black "Gauert, Rolf"]
[Result "1-0"]
[WhiteElo "1757"]
[BlackElo "1603"]
[PlyCount "90"]
[EventDate "1992.04.20"]
[EventType "swiss"]
[EventRounds "9"]
[EventCountry "GER"]
[SourceTitle "EXT 2015"]
[Source "ChessBase"]
[SourceDate "2014.11.20"]
[SourceVersion "1"]
[SourceVersionDate "2014.11.20"]
[SourceQuality "1"]

1. Nf3 g6 2. g3 Bg7 3. Bg2 d6 4. 0-0 e5 5. e4 Nc6 6. d3 Be6 7. Be3 Nge7 8. c3 d5 9. Nbd2 Qd7 10. Nb3 b6 11. Ng5 h6 12. Nxe6 Qxe6 13. Qc2 Rd8 14. Rad1 0-0 15. f4 d4 16. cxd4 exd4 17. Bd2 Qd7 18. Rc1 a5 19. Be1 Rc8 20. Qb1 Nb8 21. Nd2 c5 22. Nc4 Qc7 23. b3 Nbc6 24. a3 Rb8 25. g4 f5 26. gxf5 gxf5 27. e5 Na7 28. Nd6 Nac8 29. Nxc8 Nxc8 30. Qc2 Qf7 31. Kh1 Kh8 32. Rg1 Ne7 33. Qc4 Qxc4 34. Rxc4 Rfc8 35. Bd2 b5 36. Rc2 c4 37. bxc4 b4 38. axb4 axb4 39. Rb2 b3 40. Rgb1 Nc6 41. Rxb3 Rxb3 42. Rxb3 Rb8 43. Rxb8+ Nxb8 44. Bh3 Na6 45. Bxf5 Bf8 1-0

[Event "Unterfranken-ch HB 43th"]
[Site "Sailauf"]
[Date "1992.??.??"]
[Round "8"]
[White "Rauch, Andreas"]
[Black "Gauert, Rolf"]
[Result "0-1"]
[WhiteElo "1784"]
[BlackElo "1603"]
[PlyCount "60"]
[EventDate "1992.04.20"]
[EventType "swiss"]
[EventRounds "9"]
[EventCountry "GER"]
[SourceTitle "EXT 2015"]
[Source "ChessBase"]
[SourceDate "2014.11.20"]
[SourceVersion "1"]
[SourceVersionDate "2014.11.20"]
[SourceQuality "1"]

1. b3 e5 2. e4 Nc6 3. Bb2 Bc5 4. Nf3 d6 5. Bb5 Bd7 6. 0-0 Nge7 7. c3 a6 8. Bc4 0-0 9. Ng5 h6 10. Nxf7 Rxf7 11. Bxf7+ Kxf7 12. d4 exd4 13. cxd4 Bb6 14. Kh1 Kg8 15. f4 Kh7 16. g4 Ng8 17. d5 Qe7 18. Qd3 Nb4 19. Qc3 Qxe4+ 20. Rf3 Bd4 21. Kg2 Bxc3 22. Nxc3 Qg6 23. h3 Re8 24. Raf1 Nf6 25. Rg3 Nfxd5 26. f5 Qg5 27. Bc1 Ne3+ 28. Kf2 Qf4+ 29. Rf3 Nxg4+ 30. hxg4 Qh2# 0-1